Attack Other Countries - North Korea - Sudden Death - Statistics

General Stats
  • This quiz has been taken 156 times
  • The average score is 4 of 15
Answers on the Grid
Answers color-coded by a green-red scale on the quiz's grid according to % correct below.
Bangladesh
United Kingdom
Libya
Germany
Argentina
Kuwait
China
Myanmar
Madagascar
Finland
Iraq
South Korea
Saudi Arabia
Oman
Spain
Netherlands
Albania
Canada
Qatar
Brazil
Slovenia
Ukraine
Ethiopia
Italy
Vietnam
Greece
Central African Republic
Singapore
Botswana
Latvia
 
Answer Stats
Answer % Correct
Bangladesh
58%
Kuwait
52%
Libya
47%
Madagascar
33%
Latvia
28%
Botswana
25%
Central African Republic
24%
Finland
22%
Oman
22%
Qatar
22%
Albania
21%
Slovenia
21%
Iraq
11%
Ethiopia
7%
Netherlands
7%
No matching quizzes found
Score Distribution
Percent of People with Each Score
Percentile by Number Answered
Your Score History
You have not taken this quiz